| 000 | 00684nam a22002417a 4500 | ||
|---|---|---|---|
| 001 | 000198 | ||
| 003 | DO-SdBNP | ||
| 005 | 20180124095749.0 | ||
| 007 | 000198 | ||
| 008 | 151210b 1948 sp a 00| 0 spa d | ||
| 040 |
_aBPMSU _bspa _cBPMSU |
||
| 092 |
_axxxx _bxxxx |
||
| 100 | _aBlasco Ibáñez, Vicente | ||
| 245 | 1 | 3 |
_aEl fantasma de las alas de oro y Luna Benamor / _cVicente Blasco Ibáñez |
| 260 |
_aBarcelona ; _bPlaneta, _c1948. |
||
| 300 |
_a330 p.; _c19 cm. |
||
| 490 | 1 | _aAutores españoles contemporáneos | |
| 830 | 0 | _aAutores españoles contemporáneos | |
| 910 | _a00144 | ||
| 942 |
_2ddc _cBK |
||
| 945 | _aInventariado, 2018 / YL | ||
| 956 |
_aYLOCKWARD _b10 _cBPMSU |
||
| 999 |
_c9357 _d9357 |
||